[Event "HUN-chT2 Charousek 0203"]
[Site "Hungary"]
[Date "2003.04.13"]
[Round "11.9"]
[White "Gemesi, Andras"]
[Black "Medvegyne Balogh, Emese"]
[Result "0-1"]
[WhiteElo "2187"]
[BlackElo "2051"]
[PlyCount "64"]
[EventDate "2002.09.22"]
[EventType "team"]
[EventRounds "11"]
[EventCountry "HUN"]
[SourceTitle "EXT 2004"]
[Source "ChessBase"]
[SourceDate "2003.11.25"]
[SourceVersion "1"]
[SourceVersionDate "2003.11.25"]
[SourceQuality "1"]
[WhiteTeam "Matador"]
[BlackTeam "Penzugyor"]
[WhiteTeamCountry "HUN"]
[BlackTeamCountry "HUN"]

1. e4 c5 2. c3 d5 3. exd5 Qxd5 4. d4 Nf6 5. Nf3 Bg4 6. Be2 e6 7. h3 Bh5 8. 0-0 Nc6 9. Be3 0-0-0 10. dxc5 Qf5 11. Qa4 g5 12. g4 Nxg4 13. hxg4 Bxg4 14. Nh4 gxh4 15. Qxg4 Qxg4+ 16. Bxg4 Rg8 17. Kh2 Rxg4 18. b4 Bg7 19. b5 Nb4 20. Na3 Bxc3 21. Rab1 Nd5 22. b6 a6 23. c6 Rdg8 24. Kh1 Be5 25. Bc1 h3 26. f4 Bd4 27. Nc4 bxc6 28. b7+ Kc7 29. Ba3 c5 30. Na5 Nc3 31. Nc6 Nxb1 32. Nxd4 Nxa3 0-1

[Event "HUN-chT2 Charousek 0203"]
[Site "Hungary"]
[Date "2003.04.06"]
[Round "10.9"]
[White "Papp, Judit"]
[Black "Gemesi, Andras"]
[Result "0-1"]
[WhiteElo "2111"]
[BlackElo "2187"]
[PlyCount "118"]
[EventDate "2002.09.22"]
[EventType "team"]
[EventRounds "11"]
[EventCountry "HUN"]
[SourceTitle "EXT 2004"]
[Source "ChessBase"]
[SourceDate "2003.11.25"]
[SourceVersion "1"]
[SourceVersionDate "2003.11.25"]
[SourceQuality "1"]
[WhiteTeam "Paks ASE II"]
[BlackTeam "Matador"]
[WhiteTeamCountry "HUN"]
[BlackTeamCountry "HUN"]

1. e4 c5 2. Nf3 d6 3. d4 cxd4 4. Nxd4 Nf6 5. Nc3 g6 6. Be3 Bg7 7. f3 0-0 8. Bc4 Nc6 9. Qd2 Nd7 10. 0-0-0 Nb6 11. Bb3 Na5 12. Bh6 Nbc4 13. Qg5 e5 14. Ndb5 Bf6 15. Qg3 Bh4 16. Rxd6 Nxb3+ 17. cxb3 Nxd6 18. Qxe5 Bf6 19. Qxd6 Bg5+ 20. Bxg5 Qxg5+ 21. f4 Qxg2 22. Re1 Qf2 23. Qd2 Qxd2+ 24. Kxd2 Rd8+ 25. Ke3 Be6 26. e5 Bd7 27. Nc7 Rac8 28. N7d5 Kg7 29. Nf6 Bf5 30. Re2 Rd3+ 31. Kf2 a6 32. Ncd5 Rd8 33. Ne3 Be6 34. Ne4 R3d4 35. Nc2 Rd1 36. Nd6 b6 37. Ne1 Rd4 38. Kg3 a5 39. Rc2 Rd1 40. Nf3 Bd5 41. Rc7 Rd3 42. Rc3 Rxf3+ 43. Rxf3 Bxf3 44. Kxf3 Rd7 45. Ke4 Kf8 46. Kd5 Rc7 47. Nc4 b5 48. Nxa5 Rc2 49. h3 Rxb2 50. Kc5 Rh2 51. Kxb5 Rxh3 52. b4 h5 53. Nc4 h4 54. Nd2 Ra3 55. Kc6 Rxa2 56. Ne4 h3 57. b5 h2 58. Ng3 Rg2 59. Nh1 Rg1 0-1

[Event "HUN-chT2 Charousek 0203"]
[Site "Hungary"]
[Date "2002.12.08"]
[Round "4.7"]
[White "Gemesi, Andras"]
[Black "Boguszlavszkij, Jevgenyij"]
[Result "1-0"]
[WhiteElo "2187"]
[BlackElo "2247"]
[PlyCount "119"]
[EventDate "2002.09.22"]
[EventType "team"]
[EventRounds "11"]
[EventCountry "HUN"]
[SourceTitle "EXT 2004"]
[Source "ChessBase"]
[SourceDate "2003.11.25"]
[SourceVersion "1"]
[SourceVersionDate "2003.11.25"]
[SourceQuality "1"]
[WhiteTeam "Matador"]
[BlackTeam "Taban Spartacus"]
[WhiteTeamCountry "HUN"]
[BlackTeamCountry "HUN"]

1. e4 c6 2. d4 d5 3. exd5 cxd5 4. Nf3 Nc6 5. c3 Nf6 6. Bd3 g6 7. 0-0 Bg7 8. Re1 0-0 9. Bg5 Qb6 10. Qb3 Qd8 11. Nbd2 a6 12. Ne5 Qc7 13. Ndf3 Be6 14. Bf4 Nh5 15. Bd2 Nxe5 16. Nxe5 Rad8 17. Rad1 Rd6 18. Qc2 Qc8 19. f4 Bf6 20. Rf1 Ng7 21. Rde1 Bf5 22. Bxf5 Nxf5 23. Qd3 Rb6 24. Bc1 Nd6 25. Qf3 e6 26. Qh3 Bg7 27. Nf3 Rc6 28. Ng5 h6 29. Nf3 f5 30. Ne5 Kh7 31. Nxc6 bxc6 32. Qd3 Ne4 33. Be3 Rf7 34. b3 Bf8 35. c4 Bd6 36. Rc1 Qb7 37. Rc2 g5 38. cxd5 cxd5 39. Qe2 Rg7 40. fxg5 hxg5 41. Qh5+ Kg8 42. Qe8+ Kh7 43. Qxe6 f4 44. Qf5+ Kh6 45. Bc1 Rg6 46. Rc8 Be7 47. Rh8+ Kg7 48. Rg8+ Kxg8 49. Qxg6+ Kf8 50. Bxf4 gxf4 51. Rxf4+ Nf6 52. Rxf6+ Bxf6 53. Qxf6+ Kg8 54. h4 Qb4 55. h5 Qe1+ 56. Kh2 Qe2 57. Qg6+ Kf8 58. Qf5+ Kg8 59. Qg5+ Kf7 60. Qxd5+ 1-0

[Event "HUN-chT2 0102"]
[Site "Hungary"]
[Date "2001.10.14"]
[Round "2"]
[White "Gemesi, Andras"]
[Black "Kele, Janos"]
[Result "1/2-1/2"]
[WhiteElo "2199"]
[BlackElo "2164"]
[PlyCount "59"]
[EventDate "2001.??.??"]
[EventType "team"]
[EventRounds "11"]
[EventCountry "HUN"]
[SourceTitle "EXT 2004"]
[Source "ChessBase"]
[SourceDate "2003.11.25"]
[SourceVersion "1"]
[SourceVersionDate "2003.11.25"]
[SourceQuality "1"]

1. Nf3 Nf6 2. c4 e6 3. Nc3 Bb4 4. a3 Bxc3 5. bxc3 0-0 6. d4 Ne4 7. Qc2 f5 8. g3 d6 9. Bg2 Nd7 10. Nd2 Nxd2 11. Bxd2 e5 12. 0-0 Kh8 13. Rad1 Qf6 14. Bc1 e4 15. f3 exf3 16. Rxf3 Nb6 17. Qd3 Qe6 18. d5 Qe7 19. Rdf1 Bd7 20. Bh3 g6 21. Bh6 Rfe8 22. Qd4+ Qe5 23. Qh4 Kg8 24. Re3 Qh8 25. Bg5 h5 26. Rff3 Qh7 27. Qd4 Qg7 28. Qh4 Rxe3 29. Rxe3 Re8 30. Rxe8+ 1/2-1/2

[Event "HUN-chT2 Maroczy 0001"]
[Site "Hungary"]
[Date "2001.03.04"]
[Round "8"]
[White "Adzic, Slobodan"]
[Black "Gemesi, Andras"]
[Result "0-1"]
[WhiteElo "2228"]
[BlackElo "2188"]
[PlyCount "68"]
[EventDate "2000.11.26"]
[EventType "team"]
[EventRounds "11"]
[EventCountry "HUN"]
[SourceTitle "EXT 2007"]
[Source "ChessBase"]
[SourceDate "2006.11.23"]
[SourceVersion "1"]
[SourceVersionDate "2006.11.23"]
[SourceQuality "1"]
[WhiteTeam "Szeged Portal"]
[BlackTeam "Budapest Matador"]
[WhiteTeamCountry "HUN"]
[BlackTeamCountry "HUN"]

1. e4 g6 2. d4 Bg7 3. Nc3 c6 4. Be3 d6 5. g3 Qc7 6. Bg2 Nf6 7. h3 0-0 8. a4 e5 9. Nge2 Nbd7 10. f4 d5 11. fxe5 Nxe4 12. Nxe4 dxe4 13. Bxe4 Nxe5 14. dxe5 Qxe5 15. Qd3 Re8 16. Rd1 Qxe4 17. Qxe4 Rxe4 18. Rd8+ Bf8 19. Kf2 Kg7 20. Bd4+ f6 21. Bxf6+ Kf7 22. Rhd1 Bc5+ 23. Bd4 Bxd4+ 24. Nxd4 Bg4 25. Rxa8 Bxd1 26. c3 a6 27. Rb8 c5 28. Rxb7+ Kf6 29. Nc6 Bxa4 30. Rb6 Re6 31. Nb4 cxb4 32. Rxb4 Be8 33. Rh4 h5 34. c4 Bc6 0-1

[Event "HUN-chT2 Maroczy 0001"]
[Site "Hungary"]
[Date "2001.01.14"]
[Round "4"]
[White "Resika, Nathan A"]
[Black "Gemesi, Andras"]
[Result "1-0"]
[WhiteElo "2267"]
[BlackElo "2188"]
[PlyCount "59"]
[EventDate "2000.11.26"]
[EventType "team"]
[EventRounds "11"]
[EventCountry "HUN"]
[SourceTitle "EXT 2007"]
[Source "ChessBase"]
[SourceDate "2006.11.23"]
[SourceVersion "1"]
[SourceVersionDate "2006.11.23"]
[SourceQuality "1"]
[WhiteTeam "Godollo"]
[BlackTeam "Budapest Matador"]
[WhiteTeamCountry "HUN"]
[BlackTeamCountry "HUN"]

1. e4 d5 2. exd5 Nf6 3. d4 Nxd5 4. c4 Nb6 5. Nc3 g6 6. Nf3 Bg7 7. c5 Nd5 8. Bc4 c6 9. Qb3 0-0 10. 0-0 Nxc3 11. bxc3 b5 12. cxb6 axb6 13. Re1 b5 14. Bd3 e6 15. Bf4 Nd7 16. Ne5 Nxe5 17. Bxe5 Bd7 18. c4 bxc4 19. Qxc4 Qa5 20. a4 Rfc8 21. Bxg7 Kxg7 22. Re5 Qd2 23. a5 c5 24. Rxc5 Rxc5 25. dxc5 Rc8 26. a6 Qg5 27. Qc3+ Kg8 28. Bf1 h5 29. a7 h4 30. Ra6 1-0

[Event "HUN-chT 9900"]
[Site "Hungary"]
[Date "1999.11.21"]
[Round "5"]
[White "Horvath, Zoltan"]
[Black "Gemesi, Andras"]
[Result "1-0"]
[WhiteElo "2349"]
[BlackElo "2196"]
[PlyCount "29"]
[EventDate "1999.09.26"]
[EventType "team"]
[EventRounds "11"]
[EventCountry "HUN"]
[SourceTitle "EXT 2009"]
[Source "ChessBase"]
[SourceDate "2008.11.26"]
[SourceVersion "1"]
[SourceVersionDate "2008.11.26"]
[SourceQuality "1"]
[WhiteTeam "Honved"]
[BlackTeam "Matador"]
[WhiteTeamCountry "HUN"]
[BlackTeamCountry "HUN"]

1. e4 b6 2. d4 Bb7 3. Bd3 Nf6 4. Qe2 e6 5. Nf3 c5 6. c3 Be7 7. 0-0 0-0 8. e5 Ne8 9. dxc5 bxc5 10. Nbd2 f5 11. exf6 Nxf6 12. Ne4 Nc6 13. Nfg5 Ne5 14. Nxf6+ gxf6 15. Qh5 1-0

[Event "HUN-chT 9900"]
[Site "Hungary"]
[Date "1999.11.14"]
[Round "4"]
[White "Gemesi, Andras"]
[Black "Portisch, Ferenc"]
[Result "0-1"]
[WhiteElo "2196"]
[BlackElo "2385"]
[PlyCount "80"]
[EventDate "1999.09.26"]
[EventType "team"]
[EventRounds "11"]
[EventCountry "HUN"]
[SourceTitle "EXT 2009"]
[Source "ChessBase"]
[SourceDate "2008.11.26"]
[SourceVersion "1"]
[SourceVersionDate "2008.11.26"]
[SourceQuality "1"]
[WhiteTeam "Matador"]
[BlackTeam "Csuti"]
[WhiteTeamCountry "HUN"]
[BlackTeamCountry "HUN"]

1. Nf3 Nf6 2. c4 g6 3. Nc3 Bg7 4. d4 0-0 5. Bg5 c6 6. e3 a6 7. Bd3 b5 8. 0-0 d6 9. h3 Nbd7 10. Qe2 Bb7 11. Rfd1 bxc4 12. Bxc4 c5 13. Rac1 cxd4 14. exd4 Nb6 15. Bb3 h6 16. Bh4 g5 17. Bg3 Nbd5 18. Nxd5 Bxd5 19. Bxd5 Nxd5 20. h4 g4 21. Nd2 Qd7 22. Qe4 Qe6 23. Qxe6 fxe6 24. Nc4 Rac8 25. Ne3 Rxc1 26. Rxc1 Bxd4 27. Nxg4 h5 28. Rc4 Bxb2 29. Ne3 Rb8 30. Nxd5 exd5 31. Rf4 d4 32. Rf5 e5 33. Rg5+ Kf7 34. f4 d3 35. fxe5 Bd4+ 36. Kh2 d2 37. Rf5+ Ke6 38. Rf1 dxe5 39. Rd1 Rb2 40. a4 Kd5 0-1

[Event "HUN-chT 9899"]
[Site "Hungary"]
[Date "1999.??.??"]
[Round "?"]
[White "Nemeth, Zoltan"]
[Black "Gemesi, Andras"]
[Result "1-0"]
[WhiteElo "2435"]
[BlackElo "2200"]
[PlyCount "117"]
[EventDate "1998.??.??"]
[EventType "team"]
[EventRounds "12"]
[EventCountry "HUN"]
[SourceTitle "EXT 2000"]
[Source "ChessBase"]
[SourceDate "1999.11.16"]
[SourceVersion "1"]
[SourceVersionDate "1999.11.16"]
[SourceQuality "1"]

1. Nf3 Nf6 2. g3 b6 3. Bg2 Bb7 4. c4 e6 5. Nc3 Be7 6. 0-0 0-0 7. d4 d5 8. Ne5 Qc8 9. cxd5 Nxd5 10. Nxd5 Bxd5 11. e4 Bb7 12. Be3 Nd7 13. Nd3 Nf6 14. f3 Ba6 15. Rf2 Rd8 16. Rc1 c5 17. Rd2 Bxd3 18. Rxd3 Qa6 19. Bf1 cxd4 20. Bxd4 Qb7 21. Qa4 Nd7 22. Qb5 Rac8 23. Rxc8 Qxc8 24. Rc3 Qb7 25. Qc4 Nc5 26. Be3 e5 27. b4 Ne6 28. a3 h6 29. Kg2 Qd7 30. h4 Bf6 31. Qa2 Nd4 32. Bc4 b5 33. Bd5 a6 34. Rc1 g5 35. h5 Kg7 36. g4 Ne6 37. Bxe6 Qxe6 38. Qxe6 fxe6 39. Rc3 Rd6 40. Kf2 Kf7 41. Rc7+ Kg8 42. Ke2 Bd8 43. Rc8 Kf7 44. Bc5 Rd7 45. Ra8 Be7 46. Bxe7 Rxe7 47. Rxa6 Rc7 48. Kd2 Rd7+ 49. Kc2 Rc7+ 50. Kb2 Rd7 51. Rc6 Rd3 52. Rc3 Rd2+ 53. Kb3 Kf6 54. a4 bxa4+ 55. Kxa4 Rd1 56. b5 Rb1 57. Rb3 Rc1 58. b6 Rc8 59. Kb5 1-0

[Event "HUN-chT 9899"]
[Site "Hungary"]
[Date "1998.??.??"]
[Round "?"]
[White "Gemesi, Andras"]
[Black "Kerek, Krisztian"]
[Result "1/2-1/2"]
[WhiteElo "2200"]
[BlackElo "2370"]
[PlyCount "74"]
[EventDate "1998.??.??"]
[EventType "team"]
[EventRounds "12"]
[EventCountry "HUN"]
[SourceTitle "EXT 2000"]
[Source "ChessBase"]
[SourceDate "1999.11.16"]
[SourceVersion "1"]
[SourceVersionDate "1999.11.16"]
[SourceQuality "1"]

1. Nf3 Nf6 2. c4 c5 3. Nc3 g6 4. e3 Bg7 5. Be2 0-0 6. 0-0 Nc6 7. d4 cxd4 8. exd4 d5 9. h3 dxc4 10. Bxc4 a6 11. a4 b6 12. Re1 Bb7 13. Bg5 Qd6 14. d5 Nb4 15. Qb3 Nbxd5 16. Rad1 e6 17. Bxf6 Bxf6 18. Nxd5 exd5 19. Bxd5 Bxd5 20. Rxd5 Qc7 21. Red1 Rad8 22. Rxd8 Rxd8 23. Rxd8+ Qxd8 24. Qc2 b5 25. b3 Qd6 26. Nd2 Be5 27. Nf3 Bf6 28. Nd2 Qd4 29. Nf3 Qd5 30. Qc8+ Kg7 31. Qc2 b4 32. Kh2 Bc3 33. Kg1 a5 34. Kf1 h6 35. Kg1 Kf6 36. Kf1 Qe6 37. Kg1 Kg7 1/2-1/2

[Event "HUN-chT 9899"]
[Site "Hungary"]
[Date "1998.??.??"]
[Round "?"]
[White "Gemesi, Andras"]
[Black "Lakos, Nikoletta"]
[Result "1/2-1/2"]
[WhiteElo "2200"]
[BlackElo "2385"]
[PlyCount "74"]
[EventDate "1998.??.??"]
[EventType "team"]
[EventRounds "12"]
[EventCountry "HUN"]
[SourceTitle "EXT 2000"]
[Source "ChessBase"]
[SourceDate "1999.11.16"]
[SourceVersion "1"]
[SourceVersionDate "1999.11.16"]
[SourceQuality "1"]

1. Nf3 Nf6 2. c4 g6 3. Nc3 Bg7 4. d4 0-0 5. Bg5 c6 6. e3 d6 7. Be2 Qc7 8. 0-0 e5 9. Rc1 Re8 10. dxe5 dxe5 11. Bxf6 Bxf6 12. Ne4 Be7 13. c5 Bf5 14. Nfg5 h6 15. Nd6 Bxd6 16. cxd6 Qb6 17. g4 Be6 18. Ne4 Nd7 19. b3 Bd5 20. Qc2 Qb4 21. Bc4 Kg7 22. Rfd1 Bxe4 23. Qxe4 Nf6 24. Qf3 Rad8 25. h4 Rxd6 26. g5 hxg5 27. hxg5 Nd5 28. Bxd5 cxd5 29. Rxd5 e4 30. Qd1 Red8 31. Rc4 Rxd5 32. Qa1+ Kg8 33. Rxb4 Rd1+ 34. Qxd1 Rxd1+ 35. Kg2 Rd5 36. Rxe4 Rxg5+ 37. Kf3 Ra5 1/2-1/2

[Event "HUN-chT 9697"]
[Site "Hungary"]
[Date "1997.??.??"]
[Round "11"]
[White "Gemesi, Andras"]
[Black "Kustar, Sandor"]
[Result "0-1"]
[WhiteElo "2195"]
[BlackElo "2395"]
[PlyCount "34"]
[EventDate "1996.??.??"]
[EventType "team"]
[EventRounds "12"]
[EventCountry "HUN"]
[SourceTitle "EXT 2006"]
[Source "ChessBase"]
[SourceDate "2005.11.24"]
[SourceVersion "1"]
[SourceVersionDate "2005.11.24"]
[SourceQuality "1"]
[WhiteTeam "Matador"]
[BlackTeam "Ajka Banyasz"]
[WhiteTeamCountry "HUN"]
[BlackTeamCountry "HUN"]

1. e4 c6 2. d4 d5 3. Nc3 dxe4 4. Nxe4 Nd7 5. Nf3 Ngf6 6. Ng3 e6 7. Bd3 Be7 8. 0-0 0-0 9. Re1 c5 10. c3 b6 11. Ne5 Bb7 12. Bg5 cxd4 13. cxd4 h6 14. Bxh6 gxh6 15. Qd2 Nxe5 16. Rxe5 Ng4 17. Qf4 Nxe5 0-1

[Event "HUN-chT 9596"]
[Site "Hungary"]
[Date "1996.??.??"]
[Round "11"]
[White "Gemesi, Andras"]
[Black "Bernei, Andras"]
[Result "1/2-1/2"]
[WhiteElo "2195"]
[BlackElo "2325"]
[PlyCount "42"]
[EventDate "1995.??.??"]
[EventType "team"]
[EventRounds "13"]
[EventCountry "HUN"]
[SourceTitle "EXT 2000"]
[Source "ChessBase"]
[SourceDate "1999.11.16"]
[SourceVersion "1"]
[SourceVersionDate "1999.11.16"]
[SourceQuality "1"]

1. c4 Nf6 2. Nc3 e6 3. d4 d5 4. e3 c5 5. Nf3 Nc6 6. Be2 dxc4 7. Bxc4 cxd4 8. exd4 Be7 9. 0-0 0-0 10. Re1 b6 11. Bg5 Bb7 12. a3 Rc8 13. Ba2 Nd5 14. Ne4 Bxg5 15. Nexg5 h6 16. Ne4 Nf6 17. Nc3 Ne7 18. Ne5 Nf5 19. Qa4 Bd5 20. Nxd5 Nxd5 21. Rad1 Rc7 1/2-1/2

[Event "HUN-chT 9596"]
[Site "Hungary"]
[Date "1996.??.??"]
[Round "12"]
[White "Portisch, Ferenc"]
[Black "Gemesi, Andras"]
[Result "1/2-1/2"]
[WhiteElo "2390"]
[BlackElo "2195"]
[PlyCount "64"]
[EventDate "1995.??.??"]
[EventType "team"]
[EventRounds "13"]
[EventCountry "HUN"]
[SourceTitle "EXT 2000"]
[Source "ChessBase"]
[SourceDate "1999.11.16"]
[SourceVersion "1"]
[SourceVersionDate "1999.11.16"]
[SourceQuality "1"]

1. d4 d5 2. c4 c6 3. Nf3 Nf6 4. g3 dxc4 5. Bg2 Bf5 6. 0-0 e6 7. Nbd2 Be7 8. Nxc4 0-0 9. Qb3 Be4 10. Ncd2 Bd5 11. Qc2 c5 12. dxc5 Na6 13. e4 Bc6 14. Ne5 Bb5 15. Rd1 Qc7 16. Ndc4 Bxc5 17. b3 Rac8 18. Qb2 Bxc4 19. Nxc4 Ng4 20. Rf1 Nb4 21. Bf4 Qe7 22. Qe2 Nf6 23. Rad1 Rfd8 24. a3 Nc6 25. b4 Bd4 26. b5 Nb8 27. e5 Ne8 28. Nd6 Nxd6 29. exd6 Qf6 30. Bxb7 Rc5 31. a4 e5 32. Be3 Qxd6 1/2-1/2

[Event "HUN-chT 9596"]
[Site "Hungary"]
[Date "1995.??.??"]
[Round "1"]
[White "Gemesi, Andras"]
[Black "Lorincz, Istvan"]
[Result "1/2-1/2"]
[WhiteElo "2195"]
[BlackElo "2370"]
[PlyCount "103"]
[EventDate "1995.??.??"]
[EventType "team"]
[EventRounds "13"]
[EventCountry "HUN"]
[SourceTitle "EXT 2000"]
[Source "ChessBase"]
[SourceDate "1999.11.16"]
[SourceVersion "1"]
[SourceVersionDate "1999.11.16"]
[SourceQuality "1"]

1. e4 c6 2. d4 d5 3. Nc3 dxe4 4. Nxe4 Bf5 5. Ng3 Bg6 6. Nf3 Nd7 7. Bd3 e6 8. 0-0 Qc7 9. Re1 Bd6 10. c4 Ngf6 11. Bxg6 hxg6 12. d5 e5 13. dxc6 bxc6 14. Ng5 Rh4 15. N5e4 Nxe4 16. Nxe4 Be7 17. Qe2 f6 18. Bd2 0-0-0 19. b4 Rdh8 20. h3 g5 21. c5 g4 22. Nd6+ Bxd6 23. cxd6 Qb7 24. Rac1 gxh3 25. Rxc6+ Kb8 26. Qa6 Qxa6 27. Rxa6 Kb7 28. b5 hxg2 29. Kxg2 Nb6 30. Be3 e4 31. a4 f5 32. a5 f4 33. Bxf4 Rxf4 34. axb6 Rg4+ 35. Kf1 axb6 36. Rea1 Rh1+ 37. Ke2 Rxa1 38. Rxa1 Rg6 39. Rd1 Kc8 40. d7+ Kd8 41. Rd5 Re6 42. Ke3 Re7 43. Rd6 Rxd7 44. Rxb6 Re7 45. Rg6 Kc7 46. Rg4 Kb6 47. Rxe4 Rxe4+ 48. Kxe4 Kxb5 49. Kd5 Kb4 50. f4 Kc3 51. Ke4 Kd2 52. Kf5 1/2-1/2

[Event "Hajduboszormeny op"]
[Site "Hajduboszormeny"]
[Date "1995.??.??"]
[Round "4"]
[White "Gemesi, Andras"]
[Black "Molnar, Bela"]
[Result "1/2-1/2"]
[WhiteElo "2195"]
[BlackElo "2340"]
[PlyCount "47"]
[EventDate "1995.??.??"]
[EventType "swiss"]
[EventRounds "9"]
[EventCountry "HUN"]
[SourceTitle "EXT 1997"]
[Source "ChessBase"]
[SourceDate "1996.11.15"]
[SourceVersion "1"]
[SourceVersionDate "1996.11.15"]
[SourceQuality "1"]

1. e4 c5 2. Nf3 Nf6 3. Nc3 Nc6 4. d4 d5 5. dxc5 d4 6. Nb5 e5 7. Bg5 Bxc5 8. a4 0-0 9. Be2 a6 10. Na3 Bb4+ 11. Nd2 h6 12. Bxf6 Qxf6 13. 0-0 Bxd2 14. Qxd2 Qg6 15. Bd3 Be6 16. f4 exf4 17. Qxf4 Nb4 18. Rad1 Qg5 19. Qxg5 hxg5 20. Rd2 Rac8 21. b3 Rc3 22. Nb1 Rc7 23. Na3 Rc3 24. Nb1 1/2-1/2

[Event "HUN-chT 9596"]
[Site "Hungary"]
[Date "1995.??.??"]
[Round "6"]
[White "Gemesi, Andras"]
[Black "Ruck, Tamas"]
[Result "0-1"]
[WhiteElo "2195"]
[BlackElo "2265"]
[PlyCount "45"]
[EventDate "1995.??.??"]
[EventType "team"]
[EventRounds "13"]
[EventCountry "HUN"]
[SourceTitle "EXT 2000"]
[Source "ChessBase"]
[SourceDate "1999.11.16"]
[SourceVersion "1"]
[SourceVersionDate "1999.11.16"]
[SourceQuality "1"]

1. e4 e5 2. Nf3 Nc6 3. c3 Nf6 4. d4 Nxe4 5. d5 Ne7 6. Nxe5 Ng6 7. Bd3 Nxe5 8. Bxe4 Qh4 9. Qe2 Bc5 10. g3 Qe7 11. Be3 Bxe3 12. fxe3 d6 13. Nd2 0-0 14. h3 Bd7 15. 0-0-0 a6 16. Qh5 g6 17. Qh6 Rae8 18. Bc2 f6 19. Rde1 Bb5 20. h4 Bd3 21. h5 g5 22. Ne4 Bxe4 23. Bxe4 0-1

[Event "HUN-chT 9394"]
[Site "Hungary"]
[Date "1994.??.??"]
[Round "?"]
[White "Gemesi, Andras"]
[Black "Dupsky, Laszlo"]
[Result "0-1"]
[WhiteElo "2175"]
[BlackElo "2305"]
[PlyCount "183"]
[EventDate "1993.??.??"]
[EventType "team"]
[EventRounds "13"]
[EventCountry "HUN"]
[SourceTitle "TD"]
[Source "ChessBase"]
[SourceDate "1994.03.01"]
[SourceVersion "1"]
[SourceVersionDate "1994.03.01"]
[SourceQuality "1"]

1. e4 d5 2. exd5 Nf6 3. Bb5+ Bd7 4. Bc4 b5 5. Be2 Nxd5 6. d4 e6 7. Nf3 c5 8. 0-0 Na6 9. a4 Qa5 10. Ne5 Nac7 11. Nxd7 Kxd7 12. dxc5 Bxc5 13. c3 Bd6 14. b4 Qb6 15. axb5 Ke7 16. c4 Nxb4 17. Be3 Bc5 18. Bxc5+ Qxc5 19. Nc3 a5 20. Na4 Qe5 21. Bf3 Rad8 22. Qe2 Qxe2 23. Bxe2 Rd2 24. Bf3 Rc2 25. Rfc1 Rd8 26. b6 Nca6 27. c5 Nb8 28. Rxc2 Nxc2 29. Rc1 Nb4 30. Kf1 N8c6 31. Nb2 Rd4 32. Bxc6 Nxc6 33. Nc4 Kd7 34. Nd6 a4 35. Ra1 Rd5 36. Rxa4 Rxc5 37. Nc4 Rb5 38. Ra8 Rb4 39. Ne3 g6 40. Ra6 Ke7 41. g3 Nb8 42. Ra7+ Nd7 43. b7 Kf6 44. Kg2 h5 45. Nc2 Rb2 46. Ne3 Nc5 47. h4 Rxb7 48. Ra2 Nd3 49. Rd2 Ne1+ 50. Kh3 Nf3 51. Ra2 Rd7 52. Nf1 Ke5 53. Re2+ Kd4 54. Kg2 Ne5 55. Ra2 Kd3 56. Rb2 Kc3 57. Ra2 Rb7 58. Ne3 Nd3 59. Ra3+ Kd4 60. Ra4+ Ke5 61. Nc4+ Kf6 62. Ra3 Ne1+ 63. Kf1 Rb1 64. Ke2 Nc2 65. Ra7 Nd4+ 66. Kd3 Nc6 67. Rc7 Nb4+ 68. Kd2 Rf1 69. Ke2 Rc1 70. Kd2 Rc2+ 71. Kd1 Rxf2 72. Nd6 Kg7 73. Ne4 Rf3 74. Ke2 Re3+ 75. Kxe3 Nd5+ 76. Kd4 Nxc7 77. Ke5 Nd5 78. Kd6 Ne3 79. Ke5 Nf1 80. Kf4 f5 81. Ng5 e5+ 82. Kxe5 Nxg3 83. Kf4 Ne2+ 84. Kf3 Nc3 85. Kf4 Nd5+ 86. Kf3 Kf6 87. Nh7+ Ke5 88. Nf8 Ne7 89. Nh7 f4 90. Nf8 Kf5 91. Nh7 Nc6 92. Ng5 0-1